Ընդհանուր պատերազմի պատմութիւնը / (Record no. 7527)
[ view plain ]
| 000 -LEADER | |
|---|---|
| fixed length control field | 00956nam a2200229 a 4500 |
| 003 - CONTROL NUMBER IDENTIFIER | |
| control field | AM-YEHGA |
| 005 - DATE AND TIME OF LATEST TRANSACTION | |
| control field | 20251127142330.0 |
| 008 - FIXED-LENGTH DATA ELEMENTS--GENERAL INFORMATION | |
| fixed length control field | 030329s1939 le |||||||||||||||||arm d |
| 040 ## - CATALOGING SOURCE | |
| Original cataloging agency | AM-YeHGA |
| 041 0# - LANGUAGE CODE | |
| Language code of text/sound track or separate title | arm |
| 245 00 - TITLE STATEMENT | |
| Title | Ընդհանուր պատերազմի պատմութիւնը / |
| Statement of responsibility, etc. | Թարգմ.՝ Եղիշե. |
| 260 ## - PUBLICATION, DISTRIBUTION, ETC. | |
| Place of publication, distribution, etc. | Պեյրութ : |
| Name of publisher, distributor, etc. | Ազդակ, |
| Date of publication, distribution, etc. | 1939-. |
| 300 ## - PHYSICAL DESCRIPTION | |
| Extent | հատոր |
| 440 #0 - SERIES STATEMENT/ADDED ENTRY--TITLE | |
| Title | Մատենաշար Ազդակի |
| Volume/sequential designation | 50 (Հատոր Ա) |
| 440 #0 - SERIES STATEMENT/ADDED ENTRY--TITLE | |
| Title | Մատենաշար Ազդակի |
| Volume/sequential designation | 53 (Հատոր Բ) |
| 505 00 - FORMATTED CONTENTS NOTE | |
| Miscellaneous information | Հ. 1 (1939, 638 էջ : [8] թ. նկ.) ; |
| -- | Հ. 2 (1940, 638 էջ : [3] թ. դիմանկ.) |
| 650 14 - SUBJECT ADDED ENTRY--TOPICAL TERM | |
| Topical term or geographic name entry element | Ռազմագիտություն |
| 700 0# - ADDED ENTRY--PERSONAL NAME | |
| Personal name | Եղիշե |
| Relator term | թարգմ. |
| Relationship | trl |
| 856 4# - ELECTRONIC LOCATION AND ACCESS | |
| Uniform Resource Identifier | <a href="https://arar.sci.am/dlibra/publication/312437/edition/286928/content">https://arar.sci.am/dlibra/publication/312437/edition/286928/content</a> |
| Link text | Կարդալ առցանց, Հ. 1 |
| 856 4# - ELECTRONIC LOCATION AND ACCESS | |
| Uniform Resource Identifier | <a href="https://arar.sci.am/dlibra/publication/318000/edition/292188/content">https://arar.sci.am/dlibra/publication/318000/edition/292188/content</a> |
| Link text | Հ. 2 |
| 942 ## - ADDED ENTRY ELEMENTS (KOHA) | |
| Source of classification or shelving scheme | Universal Decimal Classification |
| Koha item type | Գրքեր / Books |
| Withdrawn status | Lost status | Source of classification or shelving scheme | Damaged status | Not for loan | Collection | Home library | Current library | Date acquired | Serial enumeration / chronology | Total checkouts | Full call number | Barcode | Date last seen | Price effective from | Koha item type | Public note |
|---|---|---|---|---|---|---|---|---|---|---|---|---|---|---|---|---|
| Universal Decimal Classification | General | Fundamental Scientific Library | Fundamental Scientific Library | 21/12/2016 | Հ. Ա | AII/79193 | 220079193 | 21/12/2016 | 21/12/2016 | Գրքեր / Books | 30 Days Loan | |||||
| Universal Decimal Classification | General | Fundamental Scientific Library | Fundamental Scientific Library | 21/12/2016 | Հ. Բ | AII/79194 | 220079194 | 21/12/2016 | 21/12/2016 | Գրքեր / Books | 30 Days Loan | |||||
| Universal Decimal Classification | General | Fundamental Scientific Library | Fundamental Scientific Library | 04/08/2021 | Հ. Ա | AII/107505 | FL0656070 | 04/08/2021 | 04/08/2021 | Գրքեր / Books | 30 Days Loan | |||||
| Universal Decimal Classification | Zhamkochyan Individual collection | Fundamental Scientific Library | Fundamental Scientific Library | 27/11/2025 | Հ․ Ա | Ժամ/1512 | FL0694172 | 27/11/2025 | 27/11/2025 | Գրքեր / Books | ILL Non Circ. | |||||
| Universal Decimal Classification | Zhamkochyan Individual collection | Fundamental Scientific Library | Fundamental Scientific Library | 27/11/2025 | Հ․ Բ | Ժամ/1513 | FL0694173 | 27/11/2025 | 27/11/2025 | Գրքեր / Books | ILL Non Circ. |
ՀՀ Գիտությունների ազգային ակադեմիայի հիմնարար գիտական գրադարան = Fundamental Scientific Library of NAS RA
All site content, except where otherwise noted, is licensed under a